One-Team Baseball Players Quiz Stats

Quiz Updated Oct 25, 2017

Challenge
Share
Tweet
Score 0/16 Timer 05:00
3 Plays Today
% Correct
Derek Jeter
98.6%
Chipper Jones
93.5%
Roberto Clemente
92%
Tony Gwynn
90.5%
George Brett
89.8%
Johnny Bench
89.1%
Jeff Bagwell
88.7%
Carl Yastrzemski
87.5%
% Correct
Mike Schmidt
86.3%
Ernie Banks
85.9%
Kirby Puckett
84.1%
Edgar Martínez
82.3%
Robin Yount
78.5%
Bob Gibson
77.9%
Jim Palmer
76.5%
Bob Feller
72.9%

You're not logged in!

Compare scores with friends on all Sporcle quizzes.
Join for Free
OR
Log In

You Might Also Like...

Show Comments

Extras

Top Quizzes Today


Score Distribution

Your Account Isn't Verified!

In order to create a playlist on Sporcle, you need to verify the email address you used during registration. Go to your Sporcle Settings to finish the process.

Report this User

Report this user for behavior that violates our Community Guidelines.

Details: